000 00579nam a2200217Ia 4500
003 OSt
005 20221005051122.0
006 a|||||r|||| 00| 0
007 ta
008 221004b |||||||| |||| 00| 0 eng d
024 _a115713
037 _cTextual
040 _aCRL
_cCRL
_beng
041 _2eng
_aeng
100 _aCurtiss Susan
_9595671
245 0 _aGenie
_b A psycholonguistic study of a modern day Wild child
260 _aLondon
_bAcadmic press London
_c1977
650 _aPSYCHOLOGY
942 _cTEXL
_2cc
999 _c958288
_d958288